Регионална библиотека "Любен Каравелов" - Русе

Европа : истории за империи (Запис номер 417937)

MARC детайли
000 -Лидер
Контролно поле с фиксирана дължина nam a22 a 4500
003 - Код на организацията, давaща контролен номер
Контролно поле BLK
005 - Дата и час на последна редакция
Контролно поле 20220325134013.0
008 - Елементи от данни с фиксирана дължина
fixed length control field 180408b bul|||||r ||||||| ||bul||
020 ## - Международен стандартен номер на книга ISBN
Международен стандартен номер на книга ISBN 9786190107040
040 ## - Източник на каталожния запис
Идентификатор на билиотеката - собственик на записа BLK
041 ## - Код за език
Код за езика на текст/звукозапис или на отделно заглавие Български
Код за езика КДБФ Български
080 ## - УДК
Текстов определител УДК Обща теория на държавата. Теория (философия) на властта. Вж и 323.2 ; 342.1 ; 343.2
УДК код - определител по УДК 321.01
УДК - код + определител 321.01
080 ## - УДК
Текстов определител УДК Лична свобода. Неприкосновеност на личността
УДК код - определител по УДК 342.721
УДК - код + определител 342.721
080 ## - УДК
Текстов определител УДК История на Европа
УДК код - определител по УДК 94(4)
УДК - код + определител 94(4)
100 1# - Редна дума - Автор
Автор Вълканов, Десислав Йорданов
Авторска отговорност първи автор
R(LIN) 305743
139 ## - Редно поле
Редна дума Вълканов, Десислав Йорданов
Авторски знак Вълк - В 93
245 10 - Сведения за заглавието
Заглавие Европа : истории за империи
Редно поле (дума) Десислав Вълканов.
257 ## - Страна на издаване
Страна на създаване/издаване България
260 ## - Област на издателските данни
Място на издаване, разпространение и проч. София
Име на издателя, разпространителя и проч. Изток-Запад
Година на издаване 2020
300 ## - Физическа характеристика
Страници 136 с.
Размери/Мащаб 22 см
380 ## - Жанр
Жанр Обществени науки
500 ## - Общи забележки
Забележка Биогр. данни за авт. - Азб. показалец
504 ## - Забележка за наличие на библиография и др
Забележка за наличие на библиография и под. Библиогр.: с. 128-132
650 #0 - Допълнително описание по предмет – тема
Основно описание – тема или топоним Власт - философски проблеми
9 (RLIN) 255435
653 #7 - Ключова дума – ненормативна
Ключова дума свобода на личността
9 (RLIN) 196279
653 #7 - Ключова дума – ненормативна
Ключова дума история
9 (RLIN) 187889
852 ## - Местоположение
Форматна сигнатура Цб 307406
Фондова буква Хранилище
852 ## - Местоположение
Фондова буква Заемна - подръчен фонд
Систематично-азбучна сигнатура 32/В 93 Д
999 ## - СИСТЕМНИ КОНТРОЛНИ НОМЕРА
Koha biblionumber 417937
Koha biblioitemnumber 417937
942 ## - АРТИКУЛИ
Вид на библиотечния материал Книги
Скрит в OPAC Не
Периодичен библиозапис Да
Koha issues (borrowed), all copies 1
944 ## - СЪЗДАВАНЕ И РЕДАКЦИЯ на ЗАПИСА
Създаване/Редакция Създаване
Дата на регистрацията/редакция 2021-06-04
Служител, извършил регистрацията/редакцията Геновева_Генчева
944 ## - СЪЗДАВАНЕ И РЕДАКЦИЯ на ЗАПИСА
Създаване/Редакция Редакция
Дата на регистрацията/редакция 2021-11-04
Служител, извършил регистрацията/редакцията ГГГ
Наличности
Код за отписване Код за изгубен артикул Източник на класификационната схема Код за повреда Коз за рестрикции Код за отдаване Артикулен № Име на библиотеката - собственик Име на библиотеката, в която се намира в момента Статус (Текущо местоположение) Дата на вписване в системата Местоположение - отдел Цена в лева Систематично азбучна сигнатура Баркод Цена в евро Служебен тип на артикула
  Не е изгубен Universal Decimal Classification Не е повреден само за читалня ползва се в читалня 834949 Регионална библиотека "Любен Каравелов" Русе Регионална библиотека "Любен Каравелов" Русе Хранилище 2021-06-07 Хранилище 12.00 Цб 307406 120000855613 6.14 Книги
  Не е изгубен Universal Decimal Classification Не е повреден без рестрикции заемане за дома 860539 Регионална библиотека "Любен Каравелов" Русе Регионална библиотека "Любен Каравелов" Русе Заемна - подръчен фонд 2021-11-08 Заемна - подръчен фонд 8.40 32/В 93 Д 120000861998 4.29 Книги
Vip Innovations Ltd, Rousse, Bulgaria 2025